000 00302nam a22001337a 4500
008 170822b xxu||||| |||| 00| 0 eng d
020 _a0131112538
041 _aeng
080 _23RD
_a51
100 _a38
101 _aMAT
245 _aCALCULUS AND ANALYTIC GEOMETRY
_cEDWARDS,C,H
942 _2udc
_cBK
999 _c24501
_d24501